Frontière de la Russie - Statistiques

Statistiques générales
  • Ce quiz a été pris 150 fois
  • Le résultat moyen est 12 sur 14
Statistiques - réponses
Km Pays % Correct
4250 Chine
98%
1576 Ukraine
98%
3485 Mongolie
95%
6846 Kazakhstan
94%
959 Biélorussie
92%
294 Estonie
91%
1340 Finlande
89%
232 Lettonie
89%
280 Lituanie
86%
19 Corée du Nord
82%
723 Géorgie
77%
217 Pologne
73%
284 Azerbaïdjan
72%
196 Norvège
62%
Aucun quiz correspondant
Distribution des résultats
% des personnes avec chaque résultat
Percentile par nombre de réponses
Votre historique - résultats
Vous n’avez pas pris ce quiz